Chữa bệnh bằng phương pháp không dùng thuốc

Sách hệ thống những kiến thức cơ bản về y học cổ truyền cùng kinh nghiệm quý báu được đúc kết trong thực tiễn để phòng chống bệnh tật, bảo vệ và nâng cao sức khoẻ bản thân, gia đình và cộng đồng....

Popoln opis

Shranjeno v:
Bibliografske podrobnosti
Glavni avtor: Hoàng, Khánh Toàn
Format: Knjiga
Jezik:Undetermined
Izdano: Hà Nội Quân đội Nhân dân 2009
Teme:
Oznake: Označite
Brez oznak, prvi označite!
Thư viện lưu trữ: Trung tâm Học liệu Trường Đại học Cần Thơ
LEADER 00935nam a2200205Ia 4500
001 CTU_175712
008 210402s9999 xx 000 0 und d
020 |c 45000 
082 |a 615.882 
082 |b T406 
100 |a Hoàng, Khánh Toàn 
245 0 |a Chữa bệnh bằng phương pháp không dùng thuốc 
245 0 |c Hoàng Khánh Toàn 
260 |a Hà Nội 
260 |b Quân đội Nhân dân 
260 |c 2009 
520 |a Sách hệ thống những kiến thức cơ bản về y học cổ truyền cùng kinh nghiệm quý báu được đúc kết trong thực tiễn để phòng chống bệnh tật, bảo vệ và nâng cao sức khoẻ bản thân, gia đình và cộng đồng. 
650 |a Traditional medicine,Y học cổ truyền 
904 |i Hải 
980 |a Trung tâm Học liệu Trường Đại học Cần Thơ